000 00481nam a22002057a 4500
001 21559
005 20260314154753.0
008 260314b |||||||| |||| 00| 0 spa d
041 _aESP
082 _a621.382
_bT69 2003
100 _aTomasi, Wayne
245 _aSistemas de comunicaciones electrónicas
260 _a :
_b ,
_c2003
300 _a000 páginas :
_b ;
_c00 cm.
440 _a ;
650 _aCNM
654 _aCET
700 _a;
942 _cLIB
_dJUS
_fJUS
_2ddc
999 _c21559
_d21559